Mitteilungen des Deutschen Archäologischen Instituts Kairo.
محفوظ في:
مؤلف مشترك:
التنسيق: كتاب
اللغة: German
الموضوعات:
الوسوم: إضافة وسم
لا توجد وسوم, كن أول من يضع وسما على هذه التسجيلة!
رقم الطلب: ( J )DT57 .D5
| LEADER | 01073nam a22003017a 4500 | ||
|---|---|---|---|
| 003 | OSt | ||
| 005 | 20260519074251.0 | ||
| 008 | 260519d19301944gw a g p 000 0 ger d | ||
| 010 | |a 2018214005 | ||
| 043 | |a f-ua--- | ||
| 050 | 1 | 4 | |a ( J )DT57 |b .D5 |
| 110 | 2 | |a Deutsches Archäologisches Institut. |b Abteilung Kairo | |
| 245 | 1 | 0 | |a Mitteilungen des Deutschen Archäologischen Instituts Kairo. |
| 264 | 1 | |a Wiesbaden : |b Harrassowitz. |c 1956 - | |
| 300 | |a volumes : |b illustrations (including diagrams), facsimiles, maps, plates (some col.) |c 27-28 cm | ||
| 310 | |a Two number a year | ||
| 336 | |a text |b txt |2 rdacontent | ||
| 337 | |a unmediated |b n |2 rdamedia | ||
| 338 | |a volume |b nc |2 rdacarrier | ||
| 362 | 0 | |a Bd. 1-13, Heft 1 ; 1930- | |
| 500 | |a Published in Augsburg by B. Filser, 1930- | ||
| 555 | |a Volumes. 1-30, 1930-74, in volumes 30 of later title. | ||
| 651 | 0 | |a Egypt |x Antiquities |v Periodicals. | |
| 651 | 0 | |a Egypt |x Archaeology |v Periodicals. | |
| 651 | 0 | |a Egypt |x Antiquities |x Societies, etc. | |
| 901 | |a reviewed | ||
| 942 | |c JL |2 lcc | ||
| 999 | |c 62244 |d 62244 | ||
